Language Quiz

Random Language or Latin Quiz

CLC Stage 11 Vocabulary Quiz Stats

 Plays Quiz not verified by Sporcle

Support Sporcle.
Go Orange.
Score 0/26 Timer 05:00
0 Plays Today
Latin English % Correct
virman
96.1%
tertiusthird
77.9%
senatorsenator
77.9%
valegoodbye
76.6%
stultusstupid
71.4%
pugnafight
70.1%
muruswall
68.8%
nuncnow
67.5%
invitatinvites
67.5%
gensfamily
64.9%
legitreads
63.6%
primusfirst
61%
placetit pleases
57.1%
Latin English % Correct
secundussecond
57.1%
minimeno
54.5%
convenitgathers
51.9%
favetfavors
51.9%
dedown from
50.6%
utilisuseful
50.6%
credittrusts
50.6%
nosterour
50.6%
promittitpromises
50.6%
rapitseizes
40.3%
sollicitusworried
39%
liberalisgenerous
37.7%
verberatbeats
36.4%

You're not logged in!

Compare scores with friends on all Sporcle quizzes.
OR
Log In

From the Vault

The Last 10 Harry Potter Characters

by lucyinthesky9

'We did it, we bashed them, wee Potter's the one, And Voldy's gone moldy, so now let's have fun!'
Remove Ads.
Support Sporcle.
Get the best of Sporcle when you Go Orange. This ad-free experience offers more features, more stats, and more fun while also helping to support Sporcle. Thank you for becoming a member.

Show Comments

Extras

Created Mar 3, 2011ReportNominate
Tags:Latin Quiz, Cambridge Latin

Top Quizzes Today


Score Distribution

Your Account Isn't Verified!

In order to create a playlist on Sporcle, you need to verify the email address you used during registration. Go to your Sporcle Settings to finish the process.

Report this User

Report this user for behavior that violates our Community Guidelines.

Details: